| 000 | 00647nam a2200229Ia 4500 | ||
|---|---|---|---|
| 999 |
_c41197 _d41197 |
||
| 001 | 7849 | ||
| 003 | GE_BSU | ||
| 005 | 20220927112131.0 | ||
| 008 | 181216s2008ge xx |||||||||||||| ||ger|| | ||
| 020 | _a978319011263 | ||
| 040 | _cGE_BSU | ||
| 041 | _ager | ||
| 080 | _a811.112.2 A-92 | ||
| 100 |
_aAufderstrabe,Hartmut _914835 |
||
| 245 |
_aLagune.Arbeitsbuch 3 Deutsch als Fremdsprache / _cHartmut Aufderstrabe |
||
| 264 |
_aGermany : _bHueber-Verlag, _c2008. |
||
| 300 |
_a196p.: _bIll; _c28 cm. |
||
| 653 | _aArbeitsbuch Deutsch als Fremdsprache | ||
| 653 | _aLagune | ||
| 653 | _aგერმანული ენა | ||
| 942 |
_cBK _2udc |
||